[Event "Rasht Baran Cup 7th 		  "]
[Site "Rasht"]
[Date "2014.06.25"]
[Round "5"]
[White "Alinezhad, Mehrdad"]
[Black "Barzigar Touchahi, Behrang"]
[Result "0-1"]
[WhiteElo "1760"]
[BlackElo "2209"]
[PlyCount "74"]
[EventDate "2014.06.22"]
[EventType "swiss"]
[EventRounds "9"]
[EventCountry "IRI"]
[SourceTitle "CBM 161 Extra"]
[Source "ChessBase"]
[SourceDate "2014.08.29"]
[SourceVersion "1"]
[SourceVersionDate "2014.08.29"]
[SourceQuality "1"]

1. d4 d5 2. c4 c6 3. Nc3 Nf6 4. Bg5 Qb6 5. Bxf6 Qxb2 6. Qc1 Qxc1+ 7. Rxc1 exf6 8. cxd5 Bb4 9. dxc6 Nxc6 10. e3 Bf5 11. Bb5 0-0 12. Bxc6 bxc6 13. Nge2 Rab8 14. 0-0 Ba3 15. Rcd1 Rb2 16. f3 Be6 17. Rb1 Rc2 18. Kf2 Bc4 19. Rfe1 a5 20. e4 Bb2 21. Ke3 Bxc3 22. Nxc3 Rxc3+ 23. Kd2 Rd3+ 24. Kc2 Rxd4 25. Red1 Rxd1 26. Rxd1 Rb8 27. Rd6 Bxa2 28. Rxc6 a4 29. Rc7 a3 30. Ra7 Bb3+ 31. Kc3 a2 32. f4 g6 33. g4 Be6 34. f5 Rb1 35. fxe6 a1Q+ 36. Rxa1 Rxa1 37. e7 Ra8 0-1